000 00754nam a2200241Ia 4500
003 OSt
005 20220923222920.0
006 a|||||r|||| 00| 0
007 ta
008 220922b |||||||| |||| 00| 0 hin d
024 _a208,750
037 _cTextual
040 _aARTS
_cARTS
_bhin
041 _2hin
_ahin
082 _aO152,3N46x, N0
100 _aपाण्डे, मृणाल
245 0 _aयानी कि एक बात थी
246 _aYānī ki ek bāt thī
260 _aदिल्ली
_b राधाकृष्ण प्रका0
_c1990
650 _aहिन्दी कहानी
942 _hO152,3N46x, N0
_cTEXL
_2CC
999 _c359337
_d359337